|
|
|
|
| LEADER |
00000nam0a2200000 4500 |
| 001 |
5815 |
| 005 |
20231030175800.0 |
| 035 |
|
|
|a (RuTPU)RU\TPU\book\5844
|
| 035 |
|
|
|a BOOK00005896
|
| 090 |
|
|
|a 5815
|
| 100 |
|
|
|a 20011209d1997 m y0rusy50 ca
|
| 101 |
0 |
|
|a rus
|
| 102 |
|
|
|a RU
|
| 105 |
|
|
|a y j 000zy
|
| 200 |
1 |
|
|a Физика и расчет ядерных реакторов
|e учебное пособие
|f О. В. Смиренский
|g Томский политехнический университет
|
| 210 |
|
|
|a Томск
|c Изд-во ТПУ
|d 1997
|
| 215 |
|
|
|a 96 с.
|
| 610 |
1 |
|
|a ядерные реакторы
|
| 610 |
1 |
|
|a расчет
|
| 610 |
1 |
|
|a высокотемпературные реакторы
|
| 610 |
1 |
|
|a физика
|
| 610 |
1 |
|
|a учебные пособия
|
| 675 |
|
|
|a 621.039.52(075.8)
|v 3
|
| 700 |
|
1 |
|a Смиренский
|b О. В.
|g Олег Викторович
|
| 712 |
0 |
2 |
|a Томский политехнический университет
|2 stltpush
|3 (RuTPU)RU\TPU\col\376
|
| 801 |
|
0 |
|a RU
|b 63413507
|c 20011209
|g PSBO
|
| 801 |
|
2 |
|a RU
|b 63413507
|c 20191120
|g PSBO
|
| 900 |
|
|
|a Инженерные расчеты и проектирование ядерных энергетических установок
|
| 900 |
|
|
|a Проектирование ядерных реакторов и энергетических установок
|
| 942 |
|
|
|c BK
|